The Lion King 2 [ Simba's pride
General viewing for all ages (U)
| Main Author: | |
|---|---|
| Format: | Book |
| Published: |
s.l. :
Walt Disney Home Video ,
19-
|
| Subjects: |
MARC
| LEADER | 00000cam a2200000 7i4500 | ||
|---|---|---|---|
| 001 | 0000161603 | ||
| 005 | 20120402.0 | ||
| 090 | 0 | 0 | |a JF |b LIO |
| 100 | 1 | |a Rooney, Darrell | |
| 245 | 1 | 4 | |a The Lion King 2 [ |h digital video disc] : |b Simba's pride |c Darrell Rooney |
| 260 | |a s.l. : |b Walt Disney Home Video , |c 19- | ||
| 300 | |a 1 digital video disc (76 minutes) : |b col | ||
| 500 | |a Library has 1 copy | ||
| 520 | 0 | |a General viewing for all ages (U) | |
| 650 | 0 | 0 | |a Cartoon, English |
| 999 | |a AV 25894 |b DIGITAL VIDEO DISC |c PINJAMAN |e PERPUSTAKAAN KOMUNITI PETALING JAYA | ||